000 01108nmm a2200313 a 4500
001 ocm0002016449
003 TR-IsHL
005 20201028180553.0
008 181212s2017 tu tur
007 cr cn
020 _a9786052970386
035 _a2016449
_b(N$T)
050 0 4 _aGR280
_b.M383 2017
090 0 4 _aGR280
_b.M383 2017
245 1 0 _aMasal vapuru vup vup
_h[electronic resource] /
_cyayın Yönetmeni Ender Haluk Derince ; Yayın Koordinatörü Ceren Kalender
260 _aİstanbul :
_bYakamoz Kitap,
_c2017
300 _a416 p.
650 4 _aDil ve Edebiyat
650 4 _aLanguage and Literature
650 0 _aEğitim, Okul Öncesi
_x Edebiyat ve kitaplar
_x Türkiye
650 0 _aEducation, Preschool
_x Literature and books
_x Turkey
650 0 _aMasallar
_x Türkiye
650 0 _aTales
_x Turkey
650 7 _aJUVENILE FICTION / Fairy Tales & Folklore / General
_2bisacsh
700 1 _aDerince, Ender Haluk
700 1 _aKalender, Ceren
700 1 _a
856 4 0 _uhttp://search.ebscohost.com/login.aspx?direct=true&scope=site&db=e011xww&AN=2016449
999 _c19203
_d19203